[Event "Sant Boi IM"]
[Site "Sant Boi de Llobregat"]
[Date "2016.10.29"]
[Round "5.5"]
[White "Garnica Nebot, Esteve"]
[Black "Pena Marti, Jordi"]
[Result "1-0"]
[WhiteElo "2037"]
[BlackElo "2133"]
[PlyCount "41"]
[EventDate "2016.10.01"]
[EventType "tourn"]
[EventRounds "9"]
[EventCountry "ESP"]
[SourceTitle "EXT 2024"]
[Source "ChessBase"]
[SourceDate "2023.10.10"]
[SourceVersion "1"]
[SourceVersionDate "2023.10.10"]
[SourceQuality "1"]

1. d4 d5 2. c4 dxc4 3. e4 Nf6 4. Nc3 e5 5. d5 b5 6. Bg5 Bc5 7. Nf3 b4 8. Bxf6 Qxf6 9. Na4 Bd6 10. Bxc4 0-0 11. 0-0 Bg4 12. Be2 c6 13. Rc1 Bxf3 14. Bxf3 Be7 15. Qb3 a5 16. Rfd1 cxd5 17. Qxd5 Ra7 18. Qb5 Qe6 19. Be2 Bg5 20. Rc5 Nd7 21. Rcd5 1-0

[Event "Sant Boi IM"]
[Site "Sant Boi de Llobregat"]
[Date "2016.10.22"]
[Round "4.1"]
[White "Munoz Cuesta, Emilio Josep"]
[Black "Garnica Nebot, Esteve"]
[Result "0-1"]
[WhiteElo "2112"]
[BlackElo "2037"]
[PlyCount "59"]
[EventDate "2016.10.01"]
[EventType "tourn"]
[EventRounds "9"]
[EventCountry "ESP"]
[SourceTitle "EXT 2024"]
[Source "ChessBase"]
[SourceDate "2023.10.10"]
[SourceVersion "1"]
[SourceVersionDate "2023.10.10"]
[SourceQuality "1"]

1. g3 d5 2. f4 Nf6 3. Bg2 c5 4. Nf3 Nc6 5. d3 Bg4 6. Ne5 e6 7. Nxc6 bxc6 8. c4 Be7 9. Qa4 Qd7 10. Nd2 0-0 11. Nf3 Bxf3 12. Bxf3 Rab8 13. b3 Rb4 14. Qa5 dxc4 15. Ba3 Rb5 16. Qa4 cxb3 17. axb3 Nd5 18. Bc1 a5 19. Bd2 Bf6 20. Rc1 Bd4 21. e4 Nb4 22. Bxb4 Rxb4 23. Qa2 Rfb8 24. Bd1 Be3 25. Rc3 Qd4 26. Qc2 a4 27. bxa4 Rb2 28. Rc4 Bf2+ 29. Kf1 Qe3 30. Qc3 0-1

[Event "Sant Boi IM"]
[Site "Sant Boi de Llobregat"]
[Date "2016.10.01"]
[Round "1.4"]
[White "Bada Navarra, Jordi"]
[Black "Garnica Nebot, Esteve"]
[Result "1-0"]
[WhiteElo "2110"]
[BlackElo "2037"]
[PlyCount "27"]
[EventDate "2016.10.01"]
[EventType "tourn"]
[EventRounds "9"]
[EventCountry "ESP"]
[SourceTitle "EXT 2024"]
[Source "ChessBase"]
[SourceDate "2023.10.10"]
[SourceVersion "1"]
[SourceVersionDate "2023.10.10"]
[SourceQuality "1"]

1. e4 c5 2. Nc3 Nc6 3. f4 e6 4. Nf3 d5 5. Bb5 d4 6. Bxc6+ bxc6 7. Nb1 Nf6 8. d3 c4 9. e5 Bb4+ 10. c3 dxc3 11. bxc3 Nd5 12. cxb4 Nxb4 13. dxc4 Nd3+ 14. Ke2 1-0

[Event "Sant Boi Chalmeta Memorial op 28th"]
[Site "Sant Boi de Llobregat"]
[Date "2016.05.20"]
[Round "5"]
[White "Garnica Nebot, Esteve"]
[Black "Ros Alonso, Jaume"]
[Result "1/2-1/2"]
[WhiteElo "2044"]
[BlackElo "2033"]
[PlyCount "98"]
[EventDate "2016.04.22"]
[EventType "swiss"]
[EventRounds "9"]
[EventCountry "ESP"]
[SourceTitle "EXT 2017"]
[Source "ChessBase"]
[SourceDate "2016.10.25"]
[SourceVersion "1"]
[SourceVersionDate "2016.10.25"]
[SourceQuality "1"]

1. d4 Nf6 2. Nf3 g6 3. g3 Bg7 4. Bg2 d5 5. 0-0 0-0 6. c4 dxc4 7. Na3 c3 8. bxc3 c5 9. Ne5 Nc6 10. Nxc6 bxc6 11. Qa4 Nd5 12. Bd2 cxd4 13. cxd4 Be6 14. e3 c5 15. Ba5 Qe8 16. Qxe8 Raxe8 17. Nb5 a6 18. Bxd5 axb5 19. Bxe6 fxe6 20. Bb6 c4 21. Rfb1 Rf5 22. a4 Rb8 23. Ba5 Rd5 24. Rxb5 Rdxb5 25. axb5 Rxb5 26. Bd8 Kf7 27. Rc1 Rb4 28. f4 Rb3 29. Kf2 c3 30. Kf3 c2 31. Ke2 Rc3 32. Kd2 Rc8 33. Ba5 Kf6 34. Rxc2 Rxc2+ 35. Kxc2 Kf5 36. Bd8 Bf6 37. h3 Ke4 38. Kd2 Kf3 39. g4 g5 40. fxg5 Bxg5 41. Kd3 Bxe3 42. Bxe7 Bf4 43. g5 Kg3 44. Ke4 Bc7 45. h4 Kg4 46. d5 exd5+ 47. Kxd5 Bg3 48. Ke4 Bxh4 49. Ke3 Bxg5+ 1/2-1/2

[Event "Sant Boi Chalmeta Memorial op 28th"]
[Site "Sant Boi de Llobregat"]
[Date "2016.04.22"]
[Round "1"]
[White "Aldeguer Latorre, Josep"]
[Black "Garnica Nebot, Esteve"]
[Result "0-1"]
[WhiteElo "1801"]
[BlackElo "2044"]
[PlyCount "49"]
[EventDate "2016.04.22"]
[EventType "swiss"]
[EventRounds "9"]
[EventCountry "ESP"]
[SourceTitle "EXT 2017"]
[Source "ChessBase"]
[SourceDate "2016.10.25"]
[SourceVersion "1"]
[SourceVersionDate "2016.10.25"]
[SourceQuality "1"]

1. e4 c5 2. d4 cxd4 3. Qxd4 Nc6 4. Qa4 d6 5. Nc3 Bd7 6. Be3 Nf6 7. h3 g6 8. Nf3 Bg7 9. Qc4 0-0 10. Qe2 Rc8 11. Qd2 Re8 12. Be2 Qa5 13. g4 Nb4 14. Bd1 Bc6 15. 0-0 Bxe4 16. g5 Bxf3 17. Bxf3 Nd7 18. a3 Nc6 19. b4 Qd8 20. Bxc6 Rxc6 21. Bd4 Bxd4 22. Qxd4 Ne5 23. Qxa7 Rxc3 24. f4 Qd7 25. Kg2 0-1

[Event "Sant Boi City-ch"]
[Site "Sant Boi de Llobregat"]
[Date "2015.10.24"]
[Round "4"]
[White "Blasco Coll, Andreu"]
[Black "Garnica Nebot, Esteve"]
[Result "1-0"]
[WhiteElo "2293"]
[BlackElo "2220"]
[PlyCount "113"]
[EventDate "2015.10.03"]
[EventType "tourn"]
[EventRounds "9"]
[EventCountry "ESP"]
[SourceTitle "CBM 170 Extra"]
[Source "ChessBase"]
[SourceDate "2016.02.25"]
[SourceVersion "1"]
[SourceVersionDate "2016.02.25"]
[SourceQuality "1"]

1. d4 Nf6 2. c4 e5 3. dxe5 Ng4 4. Nf3 Bc5 5. e3 Nc6 6. Nc3 0-0 7. Be2 Re8 8. 0-0 Ngxe5 9. Nxe5 Nxe5 10. b3 a5 11. Na4 Be7 12. Bb2 d6 13. c5 Bd7 14. cxd6 Bxd6 15. Nb6 Rb8 16. Nxd7 Qxd7 17. Qd4 Bb4 18. Qxd7 Nxd7 19. Rac1 Bd6 20. Bb5 Red8 21. Bd4 b6 22. e4 f6 23. Rfd1 Nc5 24. Bc6 Kf8 25. g3 Ne6 26. Bb2 Bc5 27. Kg2 Rxd1 28. Rxd1 Rd8 29. Rxd8+ Nxd8 30. Bd5 Bd6 31. f4 Ke7 32. Kf3 Ne6 33. e5 fxe5 34. fxe5 Bc5 35. h4 Kd7 36. Kg4 Ke7 37. h5 Bf2 38. Be4 h6 39. Bd5 c5 40. Kf3 Be1 41. g4 Ng5+ 42. Kf4 Ne6+ 43. Kf5 Nd4+ 44. Kg6 Bg3 45. Kxg7 Bf4 46. Kg6 Bg5 47. a3 Bf4 48. Bc3 Bc1 49. Be1 Bg5 50. Bf2 b5 51. b4 axb4 52. axb4 Ne6 53. Bxe6 Kxe6 54. Bxc5 Kxe5 55. Bf8 Bd2 56. Bxh6 Bxb4 57. Bg7+ 1-0

[Event "Sant Boi City-ch"]
[Site "Sant Boi de Llobregat"]
[Date "2015.10.17"]
[Round "3"]
[White "Garnica Nebot, Esteve"]
[Black "Munoz Cuesta, Emilio Josep"]
[Result "1/2-1/2"]
[WhiteElo "2220"]
[BlackElo "2182"]
[PlyCount "166"]
[EventDate "2015.10.03"]
[EventType "tourn"]
[EventRounds "9"]
[EventCountry "ESP"]
[SourceTitle "CBM 170 Extra"]
[Source "ChessBase"]
[SourceDate "2016.02.25"]
[SourceVersion "1"]
[SourceVersionDate "2016.02.25"]
[SourceQuality "1"]

1. d4 c6 2. c4 f5 3. Nc3 Nf6 4. Bg5 Qb6 5. Qd2 d6 6. Bxf6 exf6 7. Nf3 Na6 8. e3 Be6 9. d5 Bf7 10. Bd3 g6 11. 0-0 Bh6 12. a3 0-0 13. b4 Qd8 14. dxc6 bxc6 15. Be2 Nc7 16. Nd4 Qe8 17. b5 f4 18. exf4 cxb5 19. Ndxb5 Nxb5 20. Nxb5 Bxf4 21. Qxf4 Qxe2 22. Nxd6 Qe5 23. Qxe5 fxe5 24. Rfe1 Rfd8 25. c5 Rd7 26. Rab1 Re7 27. Rb2 Bd5 28. f3 Kg7 29. Rbe2 Kf6 30. f4 Rb8 31. fxe5+ Ke6 32. Rd2 Rb3 33. Red1 Bb7 34. Nc4 Rc7 35. Rd6+ Ke7 36. Na5 Rc3 37. Nxb7 Rxb7 38. c6 Rb2 39. Rd7+ Ke6 40. c7 Kxe5 41. Rxh7 Rcc2 42. Kh1 a5 43. h3 Rb3 44. Rd8 Rbc3 45. Rc8 a4 46. Rh4 Rxc7 47. Rxc7 Rxc7 48. Rxa4 Rc3 49. Kh2 Kf5 50. Ra8 Kg5 51. a4 Ra3 52. a5 Ra2 53. a6 Ra3 54. a7 Ra4 55. Kg1 Ra1+ 56. Kf2 Ra2+ 57. Kf3 Ra3+ 58. Ke4 Ra4+ 59. Kd5 Ra1 60. Kc4 Ra4+ 61. Kc3 Ra3+ 62. Kb2 Ra6 63. g3 Rb6+ 64. Kc3 Rc6+ 65. Kd4 Rd6+ 66. Ke4 Ra6 67. h4+ Kg4 68. Rg8 Ra4+ 69. Kd3 Ra3+ 70. Kc4 Ra4+ 71. Kb3 Rxa7 72. Rxg6+ Kh5 73. Rg5+ Kh6 74. Kc3 Rd7 75. Rg4 Ra7 76. Kd3 Ra3+ 77. Ke4 Ra4+ 78. Kf3 Ra3+ 79. Kg2 Ra2+ 80. Kh3 Ra3 81. Rf4 Kh5 82. Rf5+ Kg6 83. Kg4 Rxg3+ 1/2-1/2